| 000 | 02058nam a2200397Ia 4500 | ||
|---|---|---|---|
| 001 | dia_1392 | ||
| 003 | CHAP | ||
| 005 | 20250116182242.0 | ||
| 007 | ta | ||
| 008 | 220117s2015 mx do fr 001 0 spa d | ||
| 040 |
_cCHAP _amxchpua |
||
| 090 |
_aT.C.693 _bP47 SAI _c2016 |
||
| 245 | 1 | 0 |
_aEstudio del sistema producto miel en el estado de Yucatán / _ccoordinador Juan Pérez Barrón ; colaboradores Laura Yesenia Aguilera Blanco...[et al.] |
| 260 |
_aMéxico : _bEl autor, _c2015 |
||
| 300 |
_a115 hojas : _bgráficas, diagramas, tablas, fotos + _e1 CD-ROM |
||
| 336 |
_2rdacontent _atexto _btxt |
||
| 337 |
_2rdamedia _ano mediado _bn |
||
| 338 |
_2rdacarrier _avolumen _bnc |
||
| 500 | _aGrado 6° Grupo 1 -- El CD contiene reporte -- Directorio: hojas 114-115 | ||
| 502 |
_aViaje de estudios _b(SAI) -- _cUACh. Departamento de Ingeniería Agroindustrial, _d2015 |
||
| 504 | _aBibliografía: hoja 103 | ||
| 505 |
_aEmpresas visitadas: --
_t1. Mimiel -- 2. Tropical Honey Company, S. A. de C. V. -- 3. FIRCO (Fideicomiso de Riesgo Compartido) -- 4. FIRA (Fideicomisos Instituidos en Relación con la Agricultura) -- 5. Sociedad de Solidaridad Social de R. L. Apícola Maya de Yucatán -- 6. SEDER (Secretaría de Desarrollo Rural) -- 7. Cab Balam, S. P. R. -- 8. INIFAP -- 9. Casa del apicultor -- 10. Miel exótica del Mayab, S. C. de R. L. apiarios y criaderos de abejas reinas -- 11. Oaxaca Miel, S. A. de C. V. |
||
| 650 | 1 | 3 |
_aApicultura _9150670 _zMéxico _zYucatán |
| 650 | 1 | 3 |
_aMiel y productos fabricados por abejas _9143229 |
| 650 | 1 | 0 |
_aApiculture _zMexico _zYucatán _9150671 |
| 650 | 1 | 3 |
_aHoney and bee products _9147739 |
| 700 | 1 |
_aPérez Barrón, Juan _9148338 _ecoordinador |
|
| 700 | 1 |
_aAguilera Blanco, Laura Yesenia _9135886 _ecolaboradora |
|
| 856 | 4 | 1 |
_uhttp://10.13.5.2/ve/TC693SAI/TC693SAI2016-REPORTE.pdf _yDESCARGAR REPORTE |
| 901 | _aT.C.693 P47 SAI 2016 | ||
| 902 | _aM | ||
| 905 | _a5232272015 mx nmdl8223323222spa16 | ||
| 942 | _2local | ||
| 942 | _cVE | ||
| 999 |
_c171934 _d171934 |
||